000 00336 a2200157 4500
001 61901
020 _a9788506006924
040 _cAnchieta - Pituba
100 _aAlves, Castro
240 1 0 _aEspumas flutuantes
_lpor
245 1 0 _aEspumas flutuantes
300 _a171
362 0 _a2012
650 4 _aPoesia brasileira
942 _cBK
999 _c61901
_d61901